000 00854cam a2200241 a 4500
005 20191224041640.0
008 000501s2000 dcuab b 001 0 eng
020 _a1559637676 (cloth : alk. paper)
020 _a1559637684 (pbk.)
040 _aDLC
_cDLC
_dDLC
_dCO-BoIAVH
041 _aeng
082 0 4 _a333.75153
_bR43r2
245 0 0 _aRestoring nature :
_bperspectives from the social sciences and humanities /
_cedited by Paul H. Gobster and R. Bruce Hull.
260 _aWashington, D.C. :
_bIsland Press,
_cc2000.
300 _axiii, 321 p. :
_bill., maps ;
_c24 cm.
650 1 4 _aEcología forestal
_951082
650 2 4 _aReforestación
_951083
650 2 4 _aIndustria forestal
_913781
650 2 4 _aConservación de bosques
_951085
700 1 _aGobster, Paul H.,
_eeditor.
_916434
700 1 _aHull, R. Bruce,
_eeditor.
_951086
942 _2ddc
_cLIBRO
999 _c2541
_d2541